000 00640nam a22001697a 4500
003 OSt
005 20171010095459.0
008 120720t xxu||||| |||| 00| 0 eng d
040 _aMMSU
_cULS
100 _aMagano, Janill I.
_911352
245 _aA Preliminary study on the in vitro and in vivo biosorption of heavy metals using the phytomass of selected brown algal species in Ilocos Norte
_cJanill I. Magano
260 _c2008
300 _axv, 77 leaves
_c28 cm.
500 _aThesis (BS Biology) -- Mariano Marcos State University-College of Arts & Sciences, Batac City
504 _aBibliography: leaves 41 - 42
942 _2ddc
_cTHEDIS
999 _c9648
_d9648